000 00582nam a2200205Ia 4500
005 20250508155029.0
008 008 250505s9999 xx 000 0 eng d
037 _aTextual
040 _aFEDL
_beng
_cFEDL
041 _aeng
_2eng
084 _a027.82, IND
_qFEDL
245 0 _aSchool libraries
245 0 _cIndia, Government.... (Education, Ministry...)
260 _aDelhi, India
_bManager of Publications
_c1937
300 _a28p
365 _aINR
_b1.36
650 _aSchool libraries
_9756592
942 _cTEXL
_h027.82, IND
999 _c1353538
_d1353538